Symposium internacional de Ecuaciones diferenciales ordinarias.

Guardado en:
Formato: Libro
Idioma:Spanish
Publicado: [México] : Universidad Nacional Autónoma de México : Sociedad Matemática Mexicana, 1961.
Etiquetas: Agregar Etiqueta
Sin Etiquetas, Sea el primero en etiquetar este registro!
LEADER 00766nam a22001455a 4500
001 MAT.inmabb001135
008 031120s1961####mx############100#0#spa#d
005 20170815114509.0
245 0 0 |a Symposium internacional de Ecuaciones diferenciales ordinarias. 
260 |a [México] :  |b Universidad Nacional Autónoma de México :  |b Sociedad Matemática Mexicana,  |c 1961. 
300 |a x, 298 p. ;  |c 26 cm. 
500 |a El Symposium Internacional de ecuaciones diferenciales ordinarias se celebró en la Ciudad Universitaria, en México, en septiembre de 1959. 
500 |a Trabajos presentados en el Symposium, y que fueron previamente publicados en el Boletín de la Sociedad Matemática Mexicana en 1960. 
084 |a 34-XX  |2 msc2000 
859 |h 34  |i Sy989-1959  |p A-1134  |t Ej. 2  |b BIB. MATEMATICA